Sprechende Wände: Häftlingsinschriften im Gefängnis Leistikowstraße Potsdam
| Contributors: | ; |
|---|---|
| Format: | Print Book |
| Language: | German |
| Published: |
Berlin
Metropol Verlag
[2015]
|
| In: |
Forschungsbeiträge und Materialien der Stiftung Brandenburgische Gedenkstätten (13)
Year: 2015 |
| Online Access: |
Table of Contents Review |
| Availability in Tübingen: | Present in Tübingen. UB: 55 A 5042 |
| Check availability: | HBZ Gateway |
| Subito Delivery Service: | Order now. |
| Keywords: |
MARC
| LEADER | 00000cam a2200000 c 4500 | ||
|---|---|---|---|
| 001 | 766524701 | ||
| 003 | DE-627 | ||
| 005 | 20251224184628.0 | ||
| 007 | tu | ||
| 008 | 130828s2015 gw ||||| 00| ||ger c | ||
| 015 | |a 13,N35 |2 dnb | ||
| 015 | |a 15,A18 |2 dnb | ||
| 016 | 7 | |a 1038399238 |2 DE-101 | |
| 020 | |a 9783863311476 |c Pp. : EUR 24.00 (DE), EUR 24.70 (AT), sfr 34.50 (freier Pr.) |9 978-3-86331-147-6 | ||
| 024 | 3 | |a 9783863311476 | |
| 035 | |a (DE-627)766524701 | ||
| 035 | |a (DE-576)435227122 | ||
| 035 | |a (DE-599)DNB1038399238 | ||
| 035 | |a (OCoLC)864537394 | ||
| 035 | |a (OCoLC)915362143 | ||
| 040 | |a DE-627 |b ger |c DE-627 |e rakwb | ||
| 041 | |a ger | ||
| 044 | |c XA-DE-BE | ||
| 050 | 0 | |a HV9680.P682 | |
| 082 | 0 | |a 365.4509431 |2 22/ger | |
| 082 | 0 | |a 365.45092 |2 22/ger | |
| 082 | 0 | 4 | |a 360 |a 943 |q DNB |
| 082 | 0 | 4 | |a 943 |
| 082 | 0 | 4 | |a 360 |a 943 |q DNB |
| 084 | |a 360#DNB |a 943#DNB |2 sdnb | ||
| 084 | |a 2,1 |2 ssgn | ||
| 084 | |a NQ 6970 |2 rvk |0 (DE-625)rvk/128855: | ||
| 084 | |a 15.43 |2 bkl | ||
| 084 | |a 15.38 |2 bkl | ||
| 245 | 0 | 0 | |a Sprechende Wände |b Häftlingsinschriften im Gefängnis Leistikowstraße Potsdam |c Ines Reich ; Maria Schultz (Hrsg.) |
| 264 | 1 | |a Berlin |b Metropol Verlag |c [2015] | |
| 300 | |a 464 S. |b Ill. |c 25 cm | ||
| 336 | |a Text |b txt |2 rdacontent | ||
| 337 | |a ohne Hilfsmittel zu benutzen |b n |2 rdamedia | ||
| 338 | |a Band |b nc |2 rdacarrier | ||
| 490 | 1 | |a Forschungsbeiträge und Materialien der Stiftung Brandenburgische Gedenkstätten |v 13 | |
| 500 | |a Literaturverz. S. 451 - 459 | ||
| 505 | 8 | 0 | |t Grusswort |r Michael Ermrich |
| 505 | 8 | 0 | |t Vorwort |r Ines Reich, Maria Schultz |
| 505 | 8 | 0 | |t Das Gefängnis Leistikowstrasse Potsdam und die Inschriften der Häftlinge : Einleitung |r Ines Reich |
| 505 | 8 | 0 | |t Biografien ; Kellerzelle 4 ; Irmgard Gimperlein |r Ines Reich |
| 505 | 8 | 0 | |t Eberhard Höft |r Bianca Schröder |
| 505 | 8 | 0 | |t Hans Markart |r Bianca Schröder, Maria Schultz |
| 505 | 8 | 0 | |t Gerhard Salzer |r Bianca Schröder |
| 505 | 8 | 0 | |t Lydia Steinfeld |r Ines Reich, Bianca Schröder |
| 505 | 8 | 0 | |t Josef Völkel |r Ines Reich |
| 505 | 8 | 0 | |t Ernst-Friedrich Wirth und Heinz Eisfeld |r Maria Schultz |
| 505 | 8 | 0 | |t Kellerzelle 5 ; Wilhelm John |r Marlies Coburger, Maria Schultz |
| 505 | 8 | 0 | |t Harry Stör |r Bianca Schröder |
| 505 | 8 | 0 | |t Kellerzelle 6 ; Ilse Harke |r Maria Schultz |
| 505 | 8 | 0 | |t Paul Hildebrand |r Ines Reich, Bianca Schröder |
| 505 | 8 | 0 | |t Johannes Hummel |r Ines Reich, Maria Schultz |
| 505 | 8 | 0 | |t Horst Kantelberg |r Bianca Schröder |
| 505 | 8 | 0 | |t Werner Lorenz |r Bianca Schröder |
| 505 | 8 | 0 | |t Horst Riewoldt |r Bianca Schröder |
| 505 | 8 | 0 | |t Werner Schwarz |r Claudia Opitz |
| 505 | 8 | 0 | |t Heinz Seidel |r Bianca Schröder |
| 505 | 8 | 0 | |t Kellerzelle 7 ; Walter Mellenthin |r Bianca Schröder |
| 505 | 8 | 0 | |t Heinz Menge |r Maria Schultz |
| 505 | 8 | 0 | |t Kellerzelle 12 ; Irmgard Hense |r Bianca Schröder |
| 505 | 8 | 0 | |t Ulrich Metscher |r Maria Schultz |
| 505 | 8 | 0 | |t Adalbert Radziejewski |r Ines Reich |
| 505 | 8 | 0 | |t Elisabeth Reich und Erich Steinig |r Ines Reich |
| 505 | 8 | 0 | |t Liesbeth Richter |r Ines Reich |
| 505 | 8 | 0 | |t Erika Sagert |r Ines Reich |
| 505 | 8 | 0 | |t Herbert Wüstenberg |r Marlies Coburger, Ines Reich |
| 505 | 8 | 0 | |t Kellerzelle 13 ; Lothar Pelz |r Bianca Schröder |
| 505 | 8 | 0 | |t Kellerzelle 14 ; Herta Hähner |r Maria Schultz |
| 505 | 8 | 0 | |t Kellerzelle 15 ; Otto Ball |r Bianca Schröder |
| 505 | 8 | 0 | |t Oskar Blau |r Ines Reich |
| 505 | 8 | 0 | |t Erna Ringel |r Marlies Coburger, Ines Reich |
| 505 | 8 | 0 | |t Otto Sommer |r Bianca Schröder |
| 505 | 8 | 0 | |t Elfriede Worg |r Ines Reich, Bianca Schröder |
| 505 | 8 | 0 | |t Kellerzelle 17 ; Annemarie Böhmer |r Bianca Schröder |
| 505 | 8 | 0 | |t Hans Henke |r Maria Schultz |
| 505 | 8 | 0 | |t Günther Hoffmann |r Ines Reich |
| 505 | 8 | 0 | |t Rudi Richter |r Marlies Coburger, Maria Schultz |
| 505 | 8 | 0 | |t Kellerzelle 18 ; Lieselotte Betzner |r Ines Reich, Bianca Schröder |
| 505 | 8 | 0 | |t Hermann und Giesela Hoeber |r Enrico Heitzer, Bianca Schröder |
| 505 | 8 | 0 | |t Wilhelm Ruppert |r Bianca Schröder |
| 505 | 8 | 0 | |t Helmut Tisch |r Maria Schultz |
| 505 | 8 | 0 | |t Claus-Dieter Wetzig |r Maria Schultz |
| 505 | 8 | 0 | |t Kellerzelle 20 ; Helmut Paichert |r Maria Schultz |
| 505 | 8 | 0 | |t Kellerzelle 21 ; Wolfgang Ball |r Bianca Schröder |
| 505 | 8 | 0 | |t Helmut Franke |r Bianca Schröder |
| 505 | 8 | 0 | |t Russischsprachige Häftlingsinschriften und sowjetischer Soldatenalltag in der DDR |r Natalja Jeske |
| 505 | 8 | 0 | |t Anhang ; Abkürzungsverzeichnis ; Bildnachweis ; Literaturverzeichnis ; Personenregister. |
| 583 | 1 | |a Archivierung/Langzeitarchivierung gewährleistet |f SSG |x XA-DE-BW |2 pdager |5 DE-21 | |
| 610 | 1 | 0 | |a KGB-Untersuchungsgefängnis (Potsdam, Germany) |
| 650 | 0 | |a Prisons |z Germany |z Potsdam |x History |v Sources | |
| 650 | 0 | |a Political prisoners |z Germany |z Potsdam |x Biography |v Sources | |
| 650 | 0 | |a Concentration Camps |z Soviet Union |x History |y 20th century | |
| 650 | 0 | |a Political prisoners |z Soviet Union |x History |y 20th century | |
| 650 | 0 | |a Secret Service |z Soviet Union |x History |y 20th century | |
| 650 | 0 | |a Inscriptions, Cyrillic |z Germany |z Potsdam | |
| 650 | 0 | |a Political prisoners |z Germany (East) |x Biography |v Sources | |
| 650 | 0 | |a Political prisoners' writings, German |z Germany |z Potsdam |x History |y 20th century | |
| 650 | 0 | |a Political prisoners' writings, Russian |z Russia (Federation) |z Vorkuta (Komi) |x History |y 20th century | |
| 655 | 7 | |a Aufsatzsammlung |0 (DE-588)4143413-4 |0 (DE-627)105605727 |0 (DE-576)209726091 |2 gnd-content | |
| 689 | 0 | 0 | |d g |0 (DE-588)35102-7 |0 (DE-627)100812082 |0 (DE-576)190337362 |a Deutschland |g Gebiet unter Alliierter Besatzung, Sowjetische Zone |2 gnd |
| 689 | 0 | 1 | |d g |0 (DE-588)4011890-3 |0 (DE-627)104732415 |0 (DE-576)20889621X |a Deutschland |g DDR |2 gnd |
| 689 | 0 | 2 | |d b |0 (DE-588)4593696-1 |0 (DE-627)326067337 |0 (DE-576)214058174 |a KGB-Untersuchungsgefängnis |2 gnd |
| 689 | 0 | 3 | |d s |0 (DE-588)4076230-0 |0 (DE-627)104540710 |0 (DE-576)209201258 |a Politischer Gefangener |2 gnd |
| 689 | 0 | 4 | |d s |0 (DE-588)4021791-7 |0 (DE-627)106312189 |0 (DE-576)208939970 |a Graffito |2 gnd |
| 689 | 0 | 5 | |a z |2 gnd |a Geschichte 1945-1991 |
| 689 | 0 | |5 DE-101 | |
| 700 | 1 | |a Reich, Ines |d 1966- |0 (DE-588)115754121 |0 (DE-627)077449029 |0 (DE-576)29005768X |4 oth | |
| 700 | 1 | |a Schultz, Maria |4 oth | |
| 810 | 2 | |a Stiftung Brandenburgische Gedenkstätten |t Forschungsbeiträge und Materialien der Stiftung Brandenburgische Gedenkstätten |v 13 |9 13 |w (DE-627)686946421 |w (DE-576)366140590 |w (DE-600)2651435-7 |7 am | |
| 856 | 4 | 2 | |u http://d-nb.info/1038399238/04 |m B:DE-101 |q application/pdf |v 2015-04-29 |x Verlag |3 Inhaltsverzeichnis |7 1 |
| 856 | 4 | 2 | |u http://www.sehepunkte.de/2016/01/28323.html |m V:DE-576;X:Sehepunkte |q text/html |v 20180419093524 |3 Rezension |7 1 |
| 856 | 4 | 2 | |u http://bvbr.bib-bvb.de:8991/F?func=service&doc_library=BVB01&local_base=BVB01&doc_number=028006945&line_number=0001&func_code=DB_RECORDS&service_type=MEDIA |x Verlag |z Inhaltsverzeichnis |7 1 |
| 935 | |i Blocktest | ||
| 936 | r | v | |a NQ 6970 |b Einzelbeiträge |k Geschichte |k Geschichte seit 1918 |k Deutsche Geschichte seit 1945 |k Deutsche Demokratische Republik (DDR) (1949 - 1990) |k Einzelbeiträge |0 (DE-627)1270875620 |0 (DE-625)rvk/128855: |0 (DE-576)200875620 |
| 936 | b | k | |a 15.43 |j Deutsche Geschichte des 19. Jahrhunderts bis zur Gegenwart |0 (DE-627)181569701 |
| 936 | b | k | |a 15.38 |j Europäische Geschichte nach 1945 |q coli-conc RVK->BK |q https://coli-conc.gbv.de/api/mappings/ca5e71c2-ea45-4983-9498-0aae53095f57 |0 (DE-627)181569671 |
| 951 | |a BO | ||
| ELC | |b 1 | ||
| LOK | |0 000 xxxxxcx a22 zn 4500 | ||
| LOK | |0 001 319235268X | ||
| LOK | |0 003 DE-627 | ||
| LOK | |0 004 766524701 | ||
| LOK | |0 005 20150727104303 | ||
| LOK | |0 008 150709||||||||||||||||ger||||||| | ||
| LOK | |0 040 |a DE-21 |c DE-627 |d DE-21 | ||
| LOK | |0 852 |a DE-21 | ||
| LOK | |0 852 1 |c 55 A 5042 |9 00 | ||
| LOK | |0 935 |a krim | ||
| LOK | |0 938 |a 1507 |f 34 | ||
| LOK | |0 939 |a 09-07-15 |b l01 | ||
| ORI | |a SA-MARC-krimdoka001.raw | ||
| SIG | |a UB: 55 A 5042 | ||
| TIM | |a 100019450101_100019911231 |b Geschichte 1945-1991 | ||
